| 000 | 00503nam a2200193Ia 4500 | ||
|---|---|---|---|
| 008 | 170918s9999 xx 000 0 und d | ||
| 020 | _a1842054112 | ||
| 050 | _bC292 2004 | ||
| 100 | _aCaroll, Lewis | ||
| 245 | _aAlice's adventures in wonderland & through the looking-glass / | ||
| 245 | _cby Lewis Caroll. | ||
| 260 | _aScotland : | ||
| 260 | _bGeddes & Grosset, | ||
| 260 | _c2004 | ||
| 300 | _a174 pages : | ||
| 300 | _billustrations ; | ||
| 300 | _c19cm. | ||
| 300 | _eGeddes & Grosset. | ||
| 999 |
_c343524 _d343524 |
||